000 00340nam a22001457a 4500
008 250423b ||||| |||| 00| 0 eng d
020 _a608628413099
041 _aeng
080 _21997
_a547GRO
082 _2547GRO
_a547GRO
100 _a15
101 _aBIOKIMI
245 _aGIANT MOLECULES
_cALEXANDER YU .GROSBERG
942 _2udc
_cBK
999 _c60694
_d60694